Normal view
MARC view
- AKHTAR ,MAYRA
Entry Personal Name
001 - CONTROL NUMBER
- control field: 122376
003 - CONTROL NUMBER IDENTIFIER
- control field: NUST
005 - DATE AND TIME OF LATEST TRANSACTION
- control field: 20240418110440.0
008 - FIXED-LENGTH DATA ELEMENTS
- fixed length control field: 240418|| aca||aabn | a|a d
040 ## - CATALOGING SOURCE
- Original cataloging agency: NUST
- Transcribing agency: NUST
100 ## - HEADING--PERSONAL NAME
- Personal name: AKHTAR ,MAYRA
670 ## - SOURCE DATA FOUND
- Source citation: Work cat.: (NUST): AKHTAR ,MAYRA , Comparative analysis of Friction Stir Processing (FSP) for different sheet metal parts using tool and die /
